| 000 | 00985nas a2200337 4500 | ||
|---|---|---|---|
| 001 | BR0809930 | ||
| 003 | BR-BrBNA | ||
| 005 | 20231205112547.0 | ||
| 007 | ta | ||
| 008 | 230509b bl.|||p| |||| 00| 00por d | ||
| 040 |
_aBR-BrBNA _bpor _cBiblioteca Nacional de Agricultura |
||
| 041 | _a(En) | ||
| 072 | _aQ04 | ||
| 100 | 1 | _aRakkocevic, M. | |
| 100 | 1 | _aMedrado, M.J.S. | |
| 100 | 1 | _aLavoranti, O.J. | |
| 100 | 1 | _aValduga, A.T. | |
| 245 | 1 | _aQuality of yerba-mate leaves originating from male and femele plants | |
| 650 | _aMATE | ||
| 650 | _aFOLHA | ||
| 650 | _aQUALIDADE | ||
| 650 | _aFOTOSSÍNTESE | ||
| 650 | _aBEBIDA NÃO ALCOÓLICA | ||
| 650 | _aANÁLISE FÍSICA | ||
| 650 | _aPROPRIEDADE ORGANOLÉPTICA | ||
| 650 | _aMÉTODO ESTATÍSTICO | ||
| 650 | _aPRODUTIVIDADE | ||
| 773 | 0 |
_tPesquisa Florestal Brasileira (Brazil) _xISSN 1809-3647 _g(Jul-Dec 2007), (no. 55) p. 71-83 _wBR0809930 |
|
| 909 |
_a202311 _bLúcia _c55 _dLúcia Elande |
||
| 942 |
_2AGRIS _n0 _cANA |
||
| 999 |
_c198676 _d198676 |
||